Normal view MARC view
  • Educación comercial

Entry Materia

Number of records used in: 18

001 - NÚMERO DE CONTROL DEL REGISTRO

  • campo de control: 15305

003 - IDENTIFICADOR DE NUMERO DE CONTROL

  • campo de control: DLC

005 - FECHA Y HORA DE LA ÚLTIMA TRANSACCIÓN

  • campo de control: 20250110104958.0

008 - DATOS DE LONGITUD FIJA

  • campo de control de longitud fija: 240908n||acnnnbabn n ana |d

010 ## - NÚMERO DE CONTROL DE LA BIBLIOTECA DEL CONGRESO (LC)

  • LC control number: sh 85018279

035 ## - NÚMERO DE CONTROL DEL SISTEMA

  • Número de control del sistema: UPN10000015313

035 ## - NÚMERO DE CONTROL DEL SISTEMA

  • Número de control del sistema: (DLC)sh 85018279

035 ## - NÚMERO DE CONTROL DEL SISTEMA

  • Número de control del sistema: (DLC)17610

040 ## - FUENTE DE LA CATALOGACIÓN

  • Centro catalogador de origen: DLC
  • Lengua de catalogación: spa
  • Agencia de transcripción: DLC
  • Agencia de modificación: DLC
  • Agencia de modificación: MX-MxUPN

053 #0 - NÚMERO CLASIFICADOR - BIBLIOTECA DEL CONGRESO (LC)

  • Elemento numérico de la clasificación - Número único o no. inicial del rango: HF1101
  • Elemento numérico de la clasificación - Número único o no. final del rango: HF1186

150 ## - ENCABEZAMIENTO - TEMÁTICO

  • Término de materia o nombre geográfico como elemento inicial: Educación comercial

450 ## - VÉASE - MATERIA

  • Encabezamiento temático: Enseñanza comercial

670 ## - FUENTE EN LA QUE SE LOCALIZARON DATOS

  • Cita de la fuente: Autoridades LC, 08 septiembre 2024 :
  • Información localizada: (Business education)
  • Identificador Uniforme del Recurso: https://lccn.loc.gov/sh85018279

902 ## - CATALOGADOR

  • Catalogador: MEEG/180996
  • Catalogador: MaríaRobles/080924